Imperfectly formed (Record no. 74980)

MARC details
000 -LEADER
fixed length control field 01430cab a2200217 4500
001 - CONTROL NUMBER
control field ABS68788
008 - FIXED-LENGTH DATA ELEMENTS--GENERAL INFORMATION
fixed length control field 050324n2005 000 0 eng u
035 ## - SYSTEM CONTROL NUMBER
System control number (Sirsi) u129180
100 ## - MAIN ENTRY--PERSONAL NAME
Personal name Holmes, P.
245 ## - TITLE STATEMENT
Title Imperfectly formed
260 ## - PUBLICATION, DISTRIBUTION, ETC.
Date of publication, distribution, etc. 2005
490 ## - SERIES STATEMENT
Series statement Building
Volume/sequential designation 270(8373) 18 March 2005, 53(1)
520 ## - SUMMARY, ETC.
Summary, etc. Discusses a recent Law Commission report which proposes changes to the law on unfair contract terms in favour of small businesses. It will give them greater rights to challenge unfair terms, where such terms are the only way to secure work. Proposes unifying law now covered by the Unfair Contract Terms Act 1977 and Unfair Terms in Consumer Contracts Regulations 1999, with a new category of small businesses. Particular problems which have previously arisen include indemnities, dispute resolution and termination clauses. Suggests the new law may work against the professional team of a small firm in favour of a developer. However, the proposed new bill may never become law, which may be preferable as increased regulation may mean people choose to deal with larger firms at the expense of small concerns.
590 ## - LOCAL NOTE (RLIN)
Local note ABS
650 ## - SUBJECT ADDED ENTRY--TOPICAL TERM
Topical term or geographic name entry element SMALL BUSINESSES
650 ## - SUBJECT ADDED ENTRY--TOPICAL TERM
Topical term or geographic name entry element UNFAIR CONTRACT TERMS ACT 1977
650 ## - SUBJECT ADDED ENTRY--TOPICAL TERM
Topical term or geographic name entry element UNFAIR TERMS IN CONSUMER CONTRACTS REGULATIONS 1999
650 ## - SUBJECT ADDED ENTRY--TOPICAL TERM
Topical term or geographic name entry element BUILT ENVIRONMENT-BUILDING CONTRACT FORMS
690 ## - LOCAL SUBJECT ADDED ENTRY--TOPICAL TERM (OCLC, RLIN)
Topical term or geographic name as entry element BUILT ENVIRONMENT-BUILDING CONTRACT FORMS
942 ## - ADDED ENTRY ELEMENTS (KOHA)
Suppress in OPAC 0
Holdings
Withdrawn status Lost status Source of classification or shelving scheme Damaged status Not for loan Home library Current library Shelving location Date acquired Total Checkouts Full call number Barcode Date last seen Copy number Price effective from Koha item type
    Dewey Decimal Classification     London London Journal article 24/03/2005   ABS68788 129180-1001 06/08/2019 1 06/08/2019 Journal article